LIBRARY & INFORMATION CENTRE, KCAET, TAVANUR

ONLINE PUBLIC ACCESS CATALOGUE (OPAC)

Flora of the presidency of Madras, Part 4 / (Record no. 7446)

MARC details
000 -LEADER
fixed length control field 00434cam a2200169ua 4500
041 ## - LANGUAGE CODE
Language code of text/sound track or separate title eng
082 ## - DEWEY DECIMAL CLASSIFICATION NUMBER
Classification number 581.4
Item number GAM/FL
100 ## - MAIN ENTRY--AUTHOR NAME
Personal name Gamble, J S .
245 ## - TITLE STATEMENT
Title Flora of the presidency of Madras, Part 4 /
260 ## - PUBLICATION, DISTRIBUTION, ETC. (IMPRINT)
Place of publication :
Name of publisher Bishen Singh Mahendra Pal Singh ,
Year of publication 1993.
300 ## - PHYSICAL DESCRIPTION
Number of Pages 1346 ; .
942 ## - ADDED ENTRY ELEMENTS (KOHA)
Koha item type Books
Holdings
Withdrawn status Lost status Damaged status Home library Current library Date acquired Full call number Accession Number Koha item type
      KAUAET KAUAET 07/04/2012 581.4 20100 Books
free website counter